Missing Word: Cartoon Network Quiz Stats

 Plays Quiz Updated Jun 15, 2018

Challenge
Share
Tweet
Embed
Score 0/22 Timer 03:00
1 Play Today
Cartoon Missing Word % Correct
Ed, ____ n EddyEdd
93.7%
Dexter's ____Laboratory
81.4%
Johnny ____Bravo
75.5%
____ the Cowardly DogCourage
74.7%
Star Wars:____ WarsClone
73.5%
____ and ChickenCow
66.3%
The ____ GirlsPowerpuff
65%
Codename: ____ Next DoorKids
63.6%
Foster's Home for ____ FriendsImaginary
59.2%
____ TimeAdventure
49.1%
Regular ____Show
46.5%
Cartoon Missing Word % Correct
Space ____ Coast to CoastGhost
43.8%
____ JackSamurai
43.2%
The Amazing World of ____Gumball
38.6%
____, Lu & OgMike
14.2%
The Life and Times of ____ LeeJuniper
13.8%
Class of ____3000
13.7%
____ in the Big CitySheep
13.5%
Secret Mountain Fort ____Awesome
11.6%
____ SquadTime
11.2%
Transformers: ____Animated
6%
The ____ ShowMoxy
4.4%

Today's Daily Dose

You're not logged in!

Compare scores with friends on all Sporcle quizzes.
OR
Log In

You Might Also Like...

Show Comments

Extras

Top Quizzes Today


Score Distribution

Your Account Isn't Verified!

In order to create a playlist on Sporcle, you need to verify the email address you used during registration. Go to your Sporcle Settings to finish the process.

Report this User

Report this user for behavior that violates our Community Guidelines.

Details: